[Event "GER OS-074 email"]
[Site "GER email"]
[Date "2008.03.25"]
[Round "?"]
[White "Schneider, Jens Carsten"]
[Black "Kuhne, Rainer"]
[Result "0-1"]
[WhiteElo "2000"]
[BlackElo "2004"]
[PlyCount "50"]
[EventDate "2008.??.??"]
[EventType "tourn (corr)"]
[EventRounds "5"]
[EventCountry "GER"]
[SourceTitle "Corr 2011"]
[Source "ChessBase"]
[SourceDate "2010.08.31"]
[SourceVersion "1"]
[SourceVersionDate "2010.08.31"]
[SourceQuality "1"]

1. c4 e6 2. Nc3 Nf6 3. Nf3 Nc6 4. d3 Be7 5. g3 0-0 6. Bg2 d5 7. cxd5 exd5 8. d4 Bg4 9. Bf4 a6 10. 0-0 Re8 11. Rc1 Bd6 12. Bxd6 Qxd6 13. h3 Bxf3 14. Bxf3 Ne7 15. Qb3 Rab8 16. Rfd1 c6 17. Na4 Nf5 18. Nc5 Ne4 19. Nxe4 dxe4 20. Bg2 e3 21. d5 exf2+ 22. Kxf2 Re3 23. Rd3 Qxg3+ 24. Kf1 Rxd3 25. Qxd3 Ne3+ 0-1